000 00714nam a2200193Ia 4500
003 GCL
008 140319s9999 xx 000 0 ara d
040 _aGCL /
_cGCL
082 0 4 _a891.86
_bت ا
100 1 _aتشابيك، كاريل
245 1 0 _aمن مسرح الخيال العلمى - 1 : انسان روسوم الالى ا.ر.ا (هدية من مكتبة الاديب عبدالفتاح الجمل) /
_cتشابيك، كاريل
700 1 _aطه محمود طه(ترجمة)
300 _a180 ص
490 _aمن المسرح العالمى
_v0
650 0 4 _aالادب التشيكى
650 0 4 _aالمسرحيات التشيكية
650 0 4 _aالمسرح العالمى
942 _2ddc
_cBK
999 _c46627
_d46627